LEADER 01000nam a2200253 u 4500 001 000000025518 003 CaOOAMICUS 005 20070226111455.0 008 950927s1940 it u000 u ita u 035 $a10657154 040 $aMSA$bita$dPUL(R) 100 1 $aDezza, Paolo,$cS.I.,$dn. 1901.$0(OLS)http://pul/name/15556 245 10$aAlle origini del neotomismo /$cPaolo Dezza. 260 $aMilano :$bBocca,$c1940. 300 $a169 p. ;$c25 cm 490 1 $aArchivum philosophicum aloisianum ;$v1 650 4$aNeoscolastica.$0(OLS)http://pul/subject/5922 830 0$aArchivum philosophicum aloisianum ;$v1.$0(OLS)http://pul/title/35154 850 $aPUL 852 $aPUL$W1$xDP1 Cons. Gen., Altre Classi 1$y22$m921 F 8$j35668$nBK-PRI$b $qStampati$B35668$CPULBib$Z2$F35668 $H $81 941 1 $a8 961 $aINV: 14343 996 $6245$aAlle origini del neotomismo$9(OLS)http://pul/title/35153 996 $6260$aMilano :$bBocca$9(OLS)http://pul/publisher/50867 LEADER 00998nam a2200253 a 4500 001 000000044584 003 CaOOAMICUS 005 20130930135610.0 008 990429s1912 fr a u000 u fre u 035 $a10821814 040 $aPUL(R)$bita 100 1 $aReynaud, G.$0(OLS)http://pul/name/32531 245 13$aLa femme dans l'Islam /$cG. Reynaud. 260 $aParis :$bChallamel,$c1912. 300 $a36 p. :$bill. ;$c25 cm 500 $aExtrait du Correspondant. 650 0$aWomen and religion.$2//eng$0(OLS)http://pul/subject/11546 650 4$aCiviltà islamica.$0(OLS)http://pul/subject/2287 850 $aPUL 852 $aPUL$W1$xDP2 Diritto e Scienze Sociali 1$y65$m210 F 13$j59977$nBK-PRI$qStampati$B59977$CPULBib$Z2$F59977 $H7877 $82 941 1 $a8 961 $aEx libris: Evaristi Carusi.Timbri: Biblioteca Carusi. 996 $6245$aLa femme dans l'Islam$9(OLS)http://pul/title/60094 996 $6260$aParis :$bChallamel$9(OLS)http://pul/publisher/65803